Wastewater engineering design for unsewered areas

Αποθηκεύτηκε σε:
Λεπτομέρειες βιβλιογραφικής εγγραφής
Κύριος συγγραφέας: Laak, Rein
Μορφή: Βιβλίο
Γλώσσα:English
Δημοσίευση: Lancaster : Technomic, 1986
Έκδοση:2nd ed.
Θέματα:
Ετικέτες: Προσθήκη ετικέτας
Δεν υπάρχουν, Καταχωρήστε ετικέτα πρώτοι!

MARC

LEADER 00000nam a2200000 i 4500
001 1/77252
008 970305s1986 eng d
020 |a 087762-462-3 
035 |l 10004226 
040 |a GR-MY-UA  |b gre  |e aacr 
041 0 |a eng 
082 0 |a 628.3 
100 1 |a Laak, Rein. 
245 1 0 |a Wastewater engineering design for unsewered areas /  |c Rein Laak 
250 |a 2nd ed. 
260 |a Lancaster :   |b Technomic,   |c 1986 
300 |a xii, 171 σ.;  |b εικ.;  |c 24 εκ. 
504 |a Περιέχει βιβλιογραφικές παραπομπές και ευρετήριο 
650 0 0 |a Sewage  |x Purification. 
650 0 0 |a Sewage disposal. 
852 |a INST  |b LESVOS  |e 19970305  |h 628.3 LAA  |p 005100011880  |q 005100011880  |t BK  |y 0 
909 |a Λ  |b 005254